| 000 | 02069nam a2200265 4500 | ||
|---|---|---|---|
| 001 | 114289 | ||
| 003 | DR-UNIBE | ||
| 005 | 20260109120610.0 | ||
| 008 | 260109b2025 sp ||||| |||| 00| 0 spa d | ||
| 020 | _a9791254990537 | ||
| 040 |
_aBIBLIOTECA UNIBE _cBIBLIOTECA UNIBE _erda |
||
| 041 |
_aspa _heng |
||
| 082 | _a650.1 G585a | ||
| 100 | 1 |
_aGodin, Seth, _d1960- _eautor _9177495 |
|
| 245 | 1 | 3 |
_aAquí está la estrategia : _b pensar y construir el futuro / _cSeth Godin |
| 260 |
_a[Lugar de publicación no identificado] : _bHoepli Ediciones, _c2025 |
||
| 300 |
_a[272] páginas : _bilustraciones |
||
| 520 | 3 | _a¡Crea las condiciones necesarias para el cambio! Un clásico moderno escrito por uno de los pensadores más influyentes del mundo de los negocios. Un enfoque innovador para crear un cambio significativo, bien se trate de revolucionar un sector, poner en marcha un movimiento o desarrollar una carrera como profesional independiente. En esta continuación de su gran éxito de ventas, "Esto es marketing", Godin proporciona el armazón necesario para crear una estrategia eficaz y elegante y ofrece las piezas fundamentales para que el cambio se haga realidad. Desafía al lector a ver la imagen global -- a priorizar el concepto a largo plazo por encima de los remedios chapuceros y rápidos -- y a tomar decisiones inteligentes y enfocadas a objetivos que den forma a un mañana mejor. Un libro de lectura obligatoria para cualquiera que busque impulsar un cambio positivo; un grito de guerra para hacer ese trabajo que realmente importa y una guía práctica para transformar visiones en realidad. La estrategia transforma nuestros esfuerzos en impacto.Con esa claridad y esa perspicacia tan características de Godin, este libro inspirará al lector a pensar en grande, a actuar con más audacia y a marcar la diferencia | |
| 650 |
_2lemb _aPlanificación |
||
| 650 |
_2lemb _aCambio _9111122 |
||
| 650 |
_2lemb _aNegocios |
||
| 700 | 1 |
_aEscario, Carlos _eprologuista _9201597 |
|
| 700 |
_aMurillo, Isabel, _etraductor _9177594 |
||
| 942 |
_2ddc _cBK |
||
| 999 |
_c114291 _d114291 |
||